| 000 | 00820nas a2200217 a 4500 | ||
|---|---|---|---|
| 003 | DO-SdBNP | ||
| 005 | 20250611115508.0 | ||
| 007 | ta | ||
| 008 | 250430e2019 dr |||p|r||||||0| |0spa d | ||
| 040 |
_aDO-SdBNP _bspa _cBNPHU _erda |
||
| 041 | _hspa | ||
| 245 | _aIdentificación y sistematización de buenas prácticas en centros educativos con jornada extendida. | ||
| 264 |
_aSanto Domingo, República Dominicana : _bDistribuidora Gráfica Astana, _c2019. |
||
| 300 |
_avolumen : _bilustraciones, cuadros, fotografías ; _c28 cm. |
||
| 336 |
_atexto _btxt _2rdacontent |
||
| 337 |
_asin mediación _bn _2rdamedia |
||
| 338 |
_avolumen _bnc _2rdacarrier |
||
| 362 | _aFebrero 2019. | ||
| 650 | 0 |
_aBuenas prácticas _987610 _vPublicaciones periódicas _xCentros educativos _zRepública Dominicana |
|
| 942 |
_2ddc _cISSUE |
||
| 999 |
_c58878 _d58878 |
||